LEADER 00540nab a2200145 i 4500 001 000000266397 003 CaOOAMICUS 005 20070509000000.0 008 070509n xx uu u0 0und r 013 $a10407 040 $aSeMil$bita 245 10$aERRATA CORRIGE. - 1 c., inserita in testa al fascicolo. 500 $aJanuary 2007 [ERRATA CORRIGE]. 773 0 $t[2007.$dWashington : The Catholic Biblical Association of America, copyr. 2007.$w()160741 996 $6245$aERRATA CORRIGE. - 1 c., inserita in testa al fascicolo.$9(OLS)http://semarc/title/357849 LEADER 00982nam a2200253 i 4500 001 000000181133 003 CaOOAMICUS 005 20090820000000.0 008 090820s1957 it u000 u ita u 013 $a158959 040 $aSeMil$bita 100 1 $aColombini, Giovanni.$0(OLS)http://semarc/name/39825 245 13$aLe lettere /$cGiovanni Colombini ; a cura di Paolo Cherubelli. 260 $aSiena :$bCantagalli,$c1957. 300 $a317 p. ;$c18 cm. 490 0 $aI classici cristiani 600 14$aColombini, Giovanni .$0(OLS)http://semarc/subject/16708 700 1 $aCherubelli, Paolo.$0(OLS)http://semarc/name/39826 830 2$aI classici cristiani.$0(OLS)http://semarc/title/386 850 $aSeMil 852 $aSeMil$W1$xVenegono$y1$m2S I 457$j131881$B131881$CSeMilBibl$Z2$F143693 $81 961 $aOmaggio: Altro 996 $6245$aLe lettere$9(OLS)http://semarc/title/1783 996 $6260$aSiena :$bCantagalli$9(OLS)http://semarc/publisher/29767 LEADER 01150nam a2200241 i 4500 001 000000111313 003 CaOOAMICUS 005 20030115000000.0 008 030115s1982 it u000 u ita u 013 $a83995 040 $aSeMil$bita 245 10$aCultura e informazione sul territorio :$bil ruolo del settimanale cattolico locale /$ca cura della Federazione Italiana Settimanali Cattolici. 260 $a[S.l. :$bs.n.,$c1982?]$e(Padova :$fAntoniana,$g1982?]) 300 $a154 p., [6] p. di tav. ;$c21 cm. 500 $aIn preliminari: Dedica autografa al cardinale. - Fondo Card. Giovanni Colombo. 650 4$aItalia - Settimanali cattolici.$0(OLS)http://semarc/subject/19914 700 1 $aFederazione Italiana Settimanali Cattolici .$0(OLS)http://semarc/name/31275 850 $aSeMil 852 $aSeMil$W1$xVenegono$y1$m3M II 33$j67148$B67148$CSeMilBibl$Z2$F94222 $81 941 1 $a3 961 $aLascito: Colombo Card. Giovanni 996 $6245$aCultura e informazione sul territorio :$bil ruolo del settimanale cattolico locale$9(OLS)http://semarc/title/161981 996 $6260$a[S.l. :$bs.n.$9(OLS)http://semarc/publisher/31686